000 00274nam a2200121Ia 4500
008 230524s9999 xx 000 0 und d
100 _aSheldon M.Ross
245 0 _a"Simulation,"
260 _bElsevier
500 _aQuantity Number: 30
650 _aComp-Sc
942 _cBK
999 _c49897
_d49897